000 00317nam a2200133 i 4500
001 bg
100 1 _aWOLSKI, Z.
245 0 _aRoboty podłogowe i okładzinowe. Technologia. /
_cZ. Wolski.
260 _aWarszawa,
_c1987.
040 _cBPK
041 _apol
942 _cKS
008 s pl f |000 0 pol
999 _c4997
_d4997
856 _uhttp://koha.tu.koszalin.pl/cgi-bin/koha/opac-detail.pl?biblionumber=4997
_yKatalog online BPK